Vznik Slovenskej komisie pre životné prostredie a jej transformácie

Vznik a činnosť Slovenskej komisie pre životné prostredie. Kompetencie Slovenskej komisie pre životné prostredie. Prvá environmentálna politika Slovenskej republiky. Odborná podpora novej ekologickej politiky.

Guardado en:
Detalles Bibliográficos
Autor principal: Miklós, László
Formato: Capítulo de libro
Lenguaje:eslovaco
Materias:
Etiquetas: Agregar Etiqueta
Sin Etiquetas, Sea el primero en etiquetar este registro!

MARC

LEADER 00000naa a2200000 4500
001 0267102
005 20200715134745.2
041 0 |a slo 
044 |a SK 
245 1 0 |a Vznik Slovenskej komisie pre životné prostredie a jej transformácie  |c László Miklós 
520 |a Vznik a činnosť Slovenskej komisie pre životné prostredie. Kompetencie Slovenskej komisie pre životné prostredie. Prvá environmentálna politika Slovenskej republiky. Odborná podpora novej ekologickej politiky. 
610 2 0 |a prostredie životné 
610 2 0 |a ochrana prostredia životného 
610 2 0 |a legislatíva 
610 2 0 |a orgány štátne 
610 2 0 |a politika environmentálna 
610 2 0 |a Slovensko 
100 1 |a Miklós, László